000 02972nam0a2200649 i 4500
001 RU\NLR\BIBL_A\010772869
005 20240921102933.0
010 _a9785970434147
_93000
021 _aRU
_b2015-30199
_91791
035 _a(NILC)LIBNET\0000554667
035 _aRUCML-BIBL-0001403588
035 _a(NLR Aleph) 010772869
090 _a10030024
_c10030024
100 _a20150601d2015 km y0rusy50 ca
101 0 _arus
102 _aRU
105 _aa|||z||||01yy
200 1 _aТрансанальная дезартеризация в лечении геморроидальной болезни
_e[для практикующих врачей-хирургов]
_fЕ. А. Загрядский
210 _aМосква
_cГЭОТАР-Медиа
_d2015
215 _a169 с.
_cил., цв. ил.
_d22
320 _aБиблиогр. в конце гл.
320 _aПредм. указ.: с. 168-169
541 1 _aTransanal artery ligation in treatment of hemorrhoids
606 1 _aГеморрой
_xХирургическое лечение
_91362462
_3RU\NLR\AUTH\66255778
606 1 _aГЕМОРРОЙ
_xхирургия
_8rus
_2rus_mesh
_3R6614-31.1
606 1 _aHEMORRHOIDS
_xsurgery
_8eng
_2rus_mesh
_3E6614-31.1
606 1 _aПРЯМАЯ КИШКА
_xкровоснабжение
_8rus
_2rus_mesh
_3R12192-8.1
606 1 _aRECTUM
_xblood supply
_8eng
_2rus_mesh
_3E12192-8.1
606 1 _aАРТЕРИИ
_xхирургия
_8rus
_2rus_mesh
_3R1239-22.1
606 1 _aПРЯМАЯ КИШКА
_xхирургия
_8rus
_2rus_mesh
_3R12192-24.1
606 1 _aRECTUM
_xsurgery
_8eng
_2rus_mesh
_3E12192-24.1
606 1 _aARTERIES
_xsurgery
_8eng
_2rus_mesh
_3E1239-22.1
675 _a616.35-08
_v3
_zrus
686 _a76.29.34
_2rugasnti
686 _aC06.405.469.860.401 - хирургия
_v2015
_2MESH
686 _aC14.907.449 - хирургия
_v2015
_2MESH
686 _aC06.405.469.860.401 - surgery
_v2015
_2MESH
686 _aC14.907.449 - surgery
_v2015
_2MESH
686 _aA03.556.124.526.767 - кровоснабжение
_v2015
_2MESH
686 _aA03.556.249.249.767 - кровоснабжение
_v2015
_2MESH
686 _aA03.556.124.526.767 - blood supply
_v2015
_2MESH
686 _aA03.556.249.249.767 - blood supply
_v2015
_2MESH
686 _aA03.556.124.526.767 - хирургия
_v2015
_2MESH
686 _aA03.556.249.249.767 - хирургия
_v2015
_2MESH
686 _aA03.556.124.526.767 - surgery
_v2015
_2MESH
686 _aA03.556.249.249.767 - surgery
_v2015
_2MESH
686 _aA07.231.114 - хирургия
_v2015
_2MESH
686 _aA07.231.114 - surgery
_v2015
_2MESH
686 1 _aР457.766.403-59
700 1 _aЗагрядский
_bЕ. А.
_gЕвгений Алексеевич
801 0 _aRU
_bЦНМБ
_c20150427
_gRCR
801 1 _aRU
_bЦНМБ
_c20150427
_2rusmarc
801 2 _aRU
_bЦНМБ
_c20150525
_2rusmarc
942 _cBOOK
980 _aNBR